000 00612nam a22002297a 4500
003 UA-OsUOA
001 45818
007 ta
008 20111129b un ||||| |||| 00| 0 ukr d
090 _a94(3)
942 _cBK
040 _aUA-OsUOA
_beng
_cUA-OsUOA
_dUA-OsUOA
245 _aEveryday Life in Bible Times
300 _a448 p.
955 _a4
041 _aeng
080 _a94(3)
260 _c1967
650 7 _a9 Географія. Біографії. Історія
_2UDC
999 _c425923
_d425923